[Event "Sarajevo Bosna op 48th"]
[Site "Sarajevo"]
[Date "2018.05.09"]
[Round "7"]
[White "Levar, Nenad"]
[Black "Jakupovic, Neven"]
[Result "0-1"]
[WhiteElo "2075"]
[BlackElo "2324"]
[PlyCount "76"]
[EventDate "2018.05.05"]
[EventType "swiss"]
[EventRounds "9"]
[EventCountry "BIH"]
[SourceTitle "CBM 184 Extra"]
[Source "ChessBase"]
[SourceDate "2018.06.28"]
[SourceVersion "1"]
[SourceVersionDate "2018.06.28"]
[SourceQuality "1"]

1. Nf3 Nf6 2. c4 d6 3. d4 g6 4. Nc3 Bf5 5. Qb3 Qc8 6. g3 Ne4 7. Bg2 Nxc3 8. Qxc3 Bg7 9. Qb3 Be4 10. 0-0 0-0 11. Qe3 f5 12. Ng5 Bxg2 13. Kxg2 e5 14. d5 Bh6 15. Qf3 Bxg5 16. Bxg5 Nd7 17. h4 h5 18. b4 Qe8 19. Rac1 a5 20. a3 b6 21. Qc3 Rf7 22. Be3 f4 23. Bd2 Qe7 24. Qd3 Kh7 25. f3 axb4 26. axb4 Ra2 27. Rc2 e4 28. fxe4 Ne5 29. Qc3 Rxc2 30. Qxc2 fxg3 31. Bg5 Qf8 32. Rxf7+ Qxf7 33. Kxg3 Qf1 34. Be3 Qh1 35. Bd4 g5 36. hxg5 h4+ 37. Kf4 Qf1+ 38. Ke3 Qg1+ 0-1

[Event "BIH CFFBH-chT1"]
[Site "Cazin"]
[Date "2009.06.27"]
[Round "1"]
[White "Jakupovic, Neven"]
[Black "Nestorovic, Nikola"]
[Result "0-1"]
[WhiteElo "2327"]
[BlackElo "2410"]
[PlyCount "84"]
[EventDate "2009.06.27"]
[EventType "team-tourn"]
[EventRounds "9"]
[EventCountry "BIH"]
[SourceTitle "EXT 2019"]
[Source "ChessBase"]
[SourceDate "2018.10.10"]
[SourceVersion "1"]
[SourceVersionDate "2018.10.10"]
[SourceQuality "1"]

1. e4 c5 2. Nf3 a6 3. g3 e6 4. Bg2 Nc6 5. 0-0 d6 6. d4 cxd4 7. Nxd4 Bd7 8. Nc3 Nf6 9. Be3 Rc8 10. h3 Be7 11. f4 0-0 12. Nxc6 Bxc6 13. Qd3 b5 14. a3 Qc7 15. g4 Nd7 16. g5 Nc5 17. Qe2 Qb7 18. Bd2 Rfe8 19. Rae1 d5 20. e5 d4 21. Nd1 Bxg2 22. Qxg2 Qxg2+ 23. Kxg2 Na4 24. c3 Nxb2 25. Nxb2 dxc3 26. Bc1 cxb2 27. Bxb2 Red8 28. Re2 Rc4 29. h4 g6 30. Kg3 h5 31. gxh6 Kh7 32. Kg4 Kxh6 33. Rh2 Rd3 34. Rf3 Rxf3 35. Kxf3 Bxa3 36. Bxa3 Rc3+ 37. Ke4 Rxa3 38. Rd2 b4 39. Rd7 Kg7 40. h5 gxh5 41. f5 exf5+ 42. Kxf5 Ra5 0-1

[Event "BIH CFFBH-chT1"]
[Site "Neum"]
[Date "2007.08.30"]
[Round "8"]
[White "Jakupovic, Neven"]
[Black "Kovacevic, Blazimir"]
[Result "1/2-1/2"]
[WhiteElo "2305"]
[BlackElo "2457"]
[PlyCount "38"]
[EventDate "2007.08.25"]
[EventType "team-tourn"]
[EventRounds "9"]
[EventCountry "BIH"]
[SourceTitle "EXT 2023"]
[Source "ChessBase"]
[SourceDate "2022.10.05"]
[SourceVersion "1"]
[SourceVersionDate "2022.10.05"]
[SourceQuality "1"]

1. d4 Nf6 2. Nf3 d5 3. c4 c6 4. Nc3 a6 5. c5 Bf5 6. Bf4 Nbd7 7. e3 e6 8. h3 Ne4 9. Bd3 Nxc3 10. bxc3 Bxd3 11. Qxd3 b6 12. cxb6 Nxb6 13. 0-0 Bd6 14. Bxd6 Qxd6 15. Rab1 Nc4 16. Nd2 Nxd2 17. Qxd2 c5 18. dxc5 Qxc5 19. Qd4 Qxd4 1/2-1/2

[Event "BIH-chT"]
[Site "Neum"]
[Date "2000.??.??"]
[Round "5"]
[White "Jakupovic, Neven"]
[Black "Kamberovic, Senad"]
[Result "1-0"]
[WhiteElo "2313"]
[BlackElo "2294"]
[PlyCount "77"]
[EventDate "2000.08.25"]
[EventType "team"]
[EventRounds "9"]
[EventCountry "BIH"]
[SourceTitle "EXT 2006"]
[Source "ChessBase"]
[SourceDate "2005.11.24"]
[SourceVersion "1"]
[SourceVersionDate "2005.11.24"]
[SourceQuality "1"]

1. e4 c6 2. d3 d5 3. Nd2 dxe4 4. dxe4 e6 5. Ngf3 Be7 6. Bd3 Nf6 7. a3 Nbd7 8. 0-0 Nf8 9. Qe2 Ng6 10. Nc4 0-0 11. g3 c5 12. b3 b6 13. Bb2 Bb7 14. a4 Qc7 15. Nfe5 Rad8 16. f4 Nd7 17. Ng4 Qc6 18. f5 exf5 19. Rxf5 f6 20. Raf1 Rde8 21. Qg2 a6 22. Qh3 Rf7 23. Rh5 Ndf8 24. Nce5 fxe5 25. Rxf7 Kxf7 26. Bc4+ Ne6 27. Rxh7 Bf8 28. Bd5 Qc8 29. Qh5 Bxd5 30. Qf5+ Ke7 31. exd5 Nef4 32. Qf6+ Kd7 33. gxf4 Nxf4 34. Nxe5+ Kc7 35. Qxf4 Kb7 36. Nc4 Qd7 37. Qf3 Ka7 38. Ne5 Qf5 39. Qxf5 1-0

[Event "BIH-chT"]
[Site "Neum"]
[Date "2000.??.??"]
[Round "4"]
[White "Leventic, Ivan"]
[Black "Jakupovic, Neven"]
[Result "1-0"]
[WhiteElo "2387"]
[BlackElo "2313"]
[PlyCount "49"]
[EventDate "2000.08.25"]
[EventType "team"]
[EventRounds "9"]
[EventCountry "BIH"]
[SourceTitle "EXT 2006"]
[Source "ChessBase"]
[SourceDate "2005.11.24"]
[SourceVersion "1"]
[SourceVersionDate "2005.11.24"]
[SourceQuality "1"]

1. e4 d6 2. d4 Nf6 3. Nc3 c6 4. f4 d5 5. e5 Ng8 6. Be3 h5 7. Na4 g6 8. b3 Bg4 9. Qd2 b5 10. Nc5 e6 11. a4 Bxc5 12. dxc5 bxa4 13. Rxa4 Bf5 14. Nf3 Nd7 15. Ba6 Ne7 16. 0-0 0-0 17. Rfa1 Qc7 18. c3 Rfb8 19. b4 Kg7 20. Bf2 Ng8 21. Bh4 Be4 22. Nd4 Nh6 23. Be7 Re8 24. Bd6 Qd8 25. Qe1 1-0

[Event "Wch U20"]
[Site "Yerevan"]
[Date "1999.09.27"]
[Round "10"]
[White "Jakupovic, Neven"]
[Black "Jenni, Florian"]
[Result "1/2-1/2"]
[WhiteElo "2263"]
[BlackElo "2399"]
[PlyCount "148"]
[EventDate "1999.09.18"]
[EventType "swiss"]
[EventRounds "13"]
[EventCountry "ARM"]
[SourceTitle "CBM 072 Extra"]
[Source "ChessBase"]
[SourceDate "1999.11.18"]
[SourceVersion "1"]
[SourceVersionDate "1999.11.18"]
[SourceQuality "1"]

1. Nf3 Nf6 2. g3 g6 3. b3 Bg7 4. Bg2 d6 5. d4 0-0 6. Bb2 Nbd7 7. 0-0 e5 8. dxe5 Ng4 9. Qc1 Ngxe5 10. c4 Re8 11. Nc3 a5 12. Rd1 Nc5 13. Nxe5 Bxe5 14. Nd5 c6 15. Ne3 Qb6 16. Rb1 Bd7 17. Bf3 h5 18. Bc3 Rad8 19. Qd2 Ra8 20. Rbc1 Bh3 21. Ng2 Bxg2 22. Kxg2 Re6 23. Qh6 Bxc3 24. Rxc3 a4 25. Qf4 Rd8 26. h3 axb3 27. axb3 Qb4 28. Qc1 Ra8 29. Qc2 Ra3 30. Rb1 Re8 31. h4 Nd7 32. Rd1 Ne5 33. Re3 Re6 34. Qb1 Ra8 35. Qc2 Rae8 36. Rd2 Qc5 37. Rc3 Rf6 38. Re3 Ree6 39. Rc3 Kf8 40. e4 Re8 41. Bd1 Ng4 42. Bxg4 hxg4 43. Re3 Rfe6 44. Qc3 Kg8 45. Rde2 Re5 46. b4 Qa7 47. Re1 R8e6 48. Ra1 Qb8 49. Ra5 Rxa5 50. bxa5 Re5 51. Qb4 Qc7 52. Rb3 Rxe4 53. Qxb7 Qxb7 54. Rxb7 Rxc4 55. a6 Kg7 56. Rd7 Ra4 57. a7 c5 58. Rxd6 Rxa7 59. Rc6 Ra5 60. Kf1 Ra1+ 61. Ke2 Rc1 62. Kd2 Rc4 63. Kd3 Rd4+ 64. Ke3 Rd5 65. Kf4 Kf8 66. Rc7 Ke8 67. Kxg4 Rf5 68. f4 Kd8 69. Ra7 c4 70. Kf3 c3 71. Ra2 Rc5 72. Rc2 Ke7 73. Ke3 Ke6 74. Kd4 Rd5+ 1/2-1/2

[Event "Wch U20"]
[Site "Yerevan"]
[Date "1999.09.24"]
[Round "7"]
[White "Brulic, Denis"]
[Black "Jakupovic, Neven"]
[Result "1/2-1/2"]
[WhiteElo "2121"]
[BlackElo "2263"]
[PlyCount "45"]
[EventDate "1999.09.18"]
[EventType "swiss"]
[EventRounds "13"]
[EventCountry "ARM"]
[SourceTitle "CBM 072 Extra"]
[Source "ChessBase"]
[SourceDate "1999.11.18"]
[SourceVersion "1"]
[SourceVersionDate "1999.11.18"]
[SourceQuality "1"]

1. e4 c6 2. d4 d5 3. Nd2 Qb6 4. c3 dxe4 5. Nxe4 Bf5 6. Bd3 Bxe4 7. Bxe4 Nf6 8. Bc2 Nbd7 9. Nf3 e6 10. 0-0 c5 11. Re1 Be7 12. Bb3 Qd6 13. Bg5 0-0 14. d5 e5 15. Qe2 Bd8 16. Nd2 Nxd5 17. Nc4 Qg6 18. Bxd8 Nf4 19. Qf3 Raxd8 20. Nxe5 Nxe5 21. Rxe5 Nd3 22. Re7 Nxb2 23. Qe2 1/2-1/2

[Event "Wch U20"]
[Site "Yerevan"]
[Date "1999.09.21"]
[Round "4"]
[White "Jakupovic, Neven"]
[Black "Perelshteyn, Eugene"]
[Result "1/2-1/2"]
[WhiteElo "2263"]
[BlackElo "2416"]
[PlyCount "102"]
[EventDate "1999.09.18"]
[EventType "swiss"]
[EventRounds "13"]
[EventCountry "ARM"]
[SourceTitle "CBM 072 Extra"]
[Source "ChessBase"]
[SourceDate "1999.11.18"]
[SourceVersion "1"]
[SourceVersionDate "1999.11.18"]
[SourceQuality "1"]

1. e4 c5 2. Nf3 g6 3. d4 cxd4 4. Nxd4 Nc6 5. c4 Nf6 6. Nc3 d6 7. Be2 Nxd4 8. Qxd4 Bg7 9. 0-0 0-0 10. Qd3 Bd7 11. Be3 a6 12. a4 a5 13. c5 dxc5 14. Bxc5 Bc6 15. Qe3 Qd7 16. f3 Qe6 17. Nb5 Bxb5 18. Bxb5 Nd7 19. Ba3 Ne5 20. Rac1 Rfc8 21. b3 Rxc1 22. Rxc1 Rd8 23. Qe2 h5 24. h3 Bh6 25. Rd1 Qb6+ 26. Kh1 Rxd1+ 27. Qxd1 Bf4 28. Bxe7 Qf2 29. Qg1 Qg3 30. Be2 b6 31. Ba3 g5 32. Bb2 Ng6 33. Bd4 Bc7 34. Bf2 Qd6 35. g3 Qe6 36. Bc4 Qxh3+ 37. Qh2 Qxh2+ 38. Kxh2 h4 39. Kh3 hxg3 40. Be3 Nh4 41. Bxg5 Nxf3 42. Bf6 Ne1 43. Bf1 Kh7 44. e5 g2 45. Bxg2 Nxg2 46. Kxg2 Kg6 47. Kf3 Kf5 48. Ke3 Bxe5 49. Bd8 Bc3 50. Bxb6 Kg4 51. Bc5 f5 1/2-1/2

[Event "Wch U20"]
[Site "Yerevan"]
[Date "1999.09.18"]
[Round "1"]
[White "Sargissian, Gabriel"]
[Black "Jakupovic, Neven"]
[Result "1-0"]
[WhiteElo "2470"]
[BlackElo "2263"]
[PlyCount "79"]
[EventDate "1999.09.18"]
[EventType "swiss"]
[EventRounds "13"]
[EventCountry "ARM"]
[SourceTitle "CBM 072 Extra"]
[Source "ChessBase"]
[SourceDate "1999.11.18"]
[SourceVersion "1"]
[SourceVersionDate "1999.11.18"]
[SourceQuality "1"]

1. d4 Nf6 2. Bg5 c6 3. Bxf6 exf6 4. e3 d5 5. c4 Bb4+ 6. Nc3 Bxc3+ 7. bxc3 0-0 8. Nf3 Be6 9. Qb3 Nd7 10. Be2 Qc7 11. Nd2 Nb6 12. c5 Nd7 13. 0-0 f5 14. c4 Nf6 15. g3 Ne4 16. Nxe4 fxe4 17. Rfb1 Rab8 18. Rb2 b6 19. Rab1 Rfd8 20. a4 Qe7 21. Qc3 dxc4 22. Bxc4 Bxc4 23. Qxc4 Qc7 24. Rc1 Rdc8 25. cxb6 axb6 26. d5 Qe5 27. Rd2 Qd6 28. Qxe4 Re8 29. Qc4 cxd5 30. Rxd5 Qa3 31. Rd3 Qf8 32. Qb5 Ra8 33. Rc7 Ra5 34. Qc4 Rea8 35. Rdd7 Rxa4 36. Qxf7+ Qxf7 37. Rxf7 Rg4 38. Rfd7 b5 39. Rb7 b4 40. h3 1-0

[Event "BIH-chT"]
[Site "Bihac"]
[Date "1999.08.24"]
[Round "4"]
[White "Burovic, Ismet"]
[Black "Jakupovic, Neven"]
[Result "1-0"]
[WhiteElo "2361"]
[BlackElo "2263"]
[PlyCount "100"]
[EventDate "1999.08.21"]
[EventType "team"]
[EventRounds "9"]
[EventCountry "BIH"]
[SourceTitle "EXT 2000"]
[Source "ChessBase"]
[SourceDate "1999.11.16"]
[SourceVersion "1"]
[SourceVersionDate "1999.11.16"]
[SourceQuality "1"]

1. d3 d5 2. Nd2 c6 3. Ngf3 Nd7 4. e4 dxe4 5. dxe4 e5 6. c3 a5 7. Qc2 Be7 8. Be2 Ngf6 9. 0-0 0-0 10. Nc4 Qc7 11. a4 b6 12. Bg5 Bb7 13. Nh4 h6 14. Nf5 hxg5 15. Nxe7+ Kh8 16. Nf5 Nc5 17. Ng3 g6 18. Rad1 Rfd8 19. Qc1 Nh7 20. Rxd8+ Rxd8 21. Rd1 f6 22. Rxd8+ Qxd8 23. Qd1 Qxd1+ 24. Bxd1 Nd7 25. Nf1 Ba6 26. Nfe3 Bxc4 27. Nxc4 c5 28. Bg4 Nhf8 29. Kf1 Kg7 30. Nd6 Nb8 31. Ke2 Nfd7 32. Kd3 Kf8 33. Bxd7 Nxd7 34. Kc4 Ke7 35. Kd5 g4 36. Nc4 f5 37. exf5 gxf5 38. Nxe5 Nf6+ 39. Kc6 Ke6 40. Nc4 f4 41. f3 Nd5 42. fxg4 Ne3 43. Nd2 Nxg2 44. Kxb6 Ne3 45. Kxa5 Nxg4 46. h4 Ne5 47. Kb5 Nd7 48. a5 Kf6 49. a6 Nf8 50. a7 Ne6 1-0

[Event "Hallsberg op 9899 34th"]
[Site "Hallsberg"]
[Date "1999.??.??"]
[Round "1"]
[White "Blehm, Pawel"]
[Black "Jakupovic, Neven"]
[Result "1-0"]
[WhiteElo "2428"]
[BlackElo "2272"]
[PlyCount "45"]
[EventDate "1998.??.??"]
[EventType "swiss"]
[EventRounds "9"]
[EventCountry "SWE"]
[SourceTitle "EXT 2000"]
[Source "ChessBase"]
[SourceDate "1999.11.16"]
[SourceVersion "1"]
[SourceVersionDate "1999.11.16"]
[SourceQuality "1"]

1. e4 c6 2. d4 d5 3. exd5 cxd5 4. c4 Nf6 5. Nc3 Nc6 6. Bg5 Qa5 7. a3 Ne4 8. Bd2 Nxd2 9. b4 Qd8 10. Qxd2 dxc4 11. d5 Ne5 12. Qd4 Ng6 13. Nf3 e5 14. Nxe5 Qe7 15. Kd2 Nxe5 16. Re1 f6 17. f4 g6 18. fxe5 Bh6+ 19. Kd1 0-0 20. Bxc4 Kh8 21. d6 Rd8 22. Nb5 Qd7 23. e6 1-0

[Event "EU-ch U16"]
[Site "Mureck"]
[Date "1998.??.??"]
[Round "6"]
[White "Batsanin, Dmitry"]
[Black "Jakupovic, Neven"]
[Result "1/2-1/2"]
[WhiteElo "2335"]
[BlackElo "2260"]
[PlyCount "68"]
[EventDate "1998.07.08"]
[EventType "swiss"]
[EventRounds "9"]
[EventCountry "AUT"]
[SourceTitle "CBM 065 Extra"]
[Source "ChessBase"]
[SourceDate "1998.09.09"]
[SourceVersion "1"]
[SourceVersionDate "1998.09.09"]
[SourceQuality "1"]

1. e4 e6 2. d4 d5 3. Nd2 dxe4 4. Nxe4 Bd7 5. Nf3 Bc6 6. Bd3 Bxe4 7. Bxe4 c6 8. 0-0 Nf6 9. Bd3 Nbd7 10. c4 g6 11. b3 Bg7 12. Ba3 Bf8 13. Bb2 Be7 14. Qe2 0-0 15. Rad1 Re8 16. Bb1 Bf8 17. Rd3 Bg7 18. Ne5 Qc7 19. f4 Rad8 20. g4 c5 21. g5 Nh5 22. Rh3 cxd4 23. Nxf7 Nxf4 24. Rxf4 Qxf4 25. Rf3 Qc7 26. Nxd8 Qxd8 27. Rg3 Nc5 28. Ba3 Nd7 29. h4 Ne5 30. h5 d3 31. Bxd3 Qa5 32. Bc1 Rf8 33. h6 Bh8 34. Be4 Nf7 1/2-1/2

[Event "Ljubljana op 9th"]
[Site "Ljubljana"]
[Date "1998.??.??"]
[Round "3"]
[White "Boric, Muhamed"]
[Black "Jakupovic, Neven"]
[Result "1-0"]
[WhiteElo "2400"]
[BlackElo "2150"]
[PlyCount "51"]
[EventDate "1998.06.??"]
[EventType "swiss"]
[EventRounds "9"]
[EventCountry "SLO"]
[SourceTitle "EXT 1999"]
[Source "ChessBase"]
[SourceDate "1998.11.16"]
[SourceVersion "1"]
[SourceVersionDate "1998.11.16"]
[SourceQuality "1"]

1. Nf3 d6 2. e4 Nf6 3. Nc3 c6 4. d4 Bg4 5. h3 Bxf3 6. Qxf3 e6 7. Bd3 d5 8. Be3 Bb4 9. e5 Nfd7 10. Qg3 Kf8 11. 0-0 c5 12. Nb5 cxd4 13. Nxd4 Nc6 14. f4 Nxd4 15. Bxd4 Bc5 16. Bxc5+ Nxc5 17. f5 Nxd3 18. cxd3 Qb6+ 19. Kh1 h5 20. Rac1 exf5 21. Rxf5 Rh6 22. Rcf1 Kg8 23. Rxf7 Rg6 24. Qf2 d4 25. Rd7 Rd8 26. Qf7+ 1-0

[Event "Hallsberg op 9798 U18"]
[Site "Hallsberg"]
[Date "1998.??.??"]
[Round "?"]
[White "Jakupovic, Neven"]
[Black "Bekker Jensen, David"]
[Result "1/2-1/2"]
[WhiteElo "2150"]
[BlackElo "2200"]
[PlyCount "89"]
[EventDate "1997.??.??"]
[EventType "swiss"]
[EventRounds "9"]
[EventCountry "SWE"]
[SourceTitle "EXT 2003"]
[Source "ChessBase"]
[SourceDate "2002.11.25"]
[SourceVersion "1"]
[SourceVersionDate "2002.11.25"]
[SourceQuality "1"]

1. e4 c5 2. Nf3 d6 3. Bb5+ Nd7 4. d4 Ngf6 5. Nc3 a6 6. Bxd7+ Nxd7 7. 0-0 e6 8. a4 Be7 9. Be3 0-0 10. Qe2 b6 11. Rad1 Qc7 12. d5 e5 13. Nd2 Rb8 14. f4 exf4 15. Bxf4 Ne5 16. Bxe5 dxe5 17. Nc4 Bd6 18. Ne3 Ra8 19. Rf2 Bd7 20. Rdf1 Qb8 21. Nf5 Bxf5 22. exf5 e4 23. g3 Be5 24. Kg2 Bd4 25. Rf4 e3 26. Ne4 Qb7 27. c4 f6 28. Rh4 b5 29. axb5 axb5 30. Nd6 Qe7 31. Nxb5 Qe5 32. Qd3 Ra2 33. Nxd4 Rxb2+ 34. Ne2 Rd2 35. Qe4 Rxe2+ 36. Kf3 Qb2 37. Kg4 Rf2 38. Re1 e2 39. d6 Qd2 40. Qe6+ Kh8 41. d7 h6 42. Qe8 Kh7 43. Kh3 Qxe1 44. Rxh6+ gxh6 45. Qg6+ 1/2-1/2

[Event "Ljubljana op 9th"]
[Site "Ljubljana"]
[Date "1998.??.??"]
[Round "9"]
[White "Jakupovic, Neven"]
[Black "Podvrsnik, Marko"]
[Result "1-0"]
[WhiteElo "2150"]
[BlackElo "2205"]
[PlyCount "53"]
[EventDate "1998.06.??"]
[EventType "swiss"]
[EventRounds "9"]
[EventCountry "SLO"]
[SourceTitle "EXT 1999"]
[Source "ChessBase"]
[SourceDate "1998.11.16"]
[SourceVersion "1"]
[SourceVersionDate "1998.11.16"]
[SourceQuality "1"]

1. Nf3 c5 2. e3 g6 3. d4 Bg7 4. dxc5 Qa5+ 5. Nbd2 Qxc5 6. a3 Nf6 7. b4 Qc7 8. Bb2 0-0 9. c4 b6 10. Be2 Bb7 11. 0-0 d6 12. Rc1 Nbd7 13. Qb3 Rac8 14. Rfd1 e5 15. Qa2 Qb8 16. Qa1 Rfe8 17. Nb3 Bf8 18. a4 d5 19. c5 Ng4 20. h3 e4 21. hxg4 exf3 22. Bb5 Ne5 23. Bxe5 Rxe5 24. c6 Rxe3 25. cxb7 Rxc1 26. Qxc1 Rxb3 27. Qc8 1-0